MARC

LEADER 00000nam0a2200000 4500
001 254547
005 20231101232939.0
010 |a 5211014030 
020 |a RU  |b 89-51565 
035 |a (RuTPU)RU\TPU\book\277029 
090 |a 254547 
100 |a 20140321d1989 k y0rusy5003 ca 
101 0 |a rus 
102 |a RU 
105 |a a z 001zy 
200 1 |a Структуры веществ  |f Л. А. Асланов 
210 |a Москва  |c Изд-во МГУ  |d 1989 
215 |a 158,[1] с.  |c ил. 
300 |a Рез.: англ. 
320 |a Библиогр.: с. 151-154 (92 назв.). 
606 1 |a Кристаллы  |x Химическая связь  |2 stltpush  |3 (RuTPU)RU\TPU\subj\80301  |9 88027 
610 1 |a химические вещества 
610 1 |a полиэдры 
610 1 |a атомы 
610 1 |a простые вещества 
610 1 |a квазикристаллы 
610 1 |a межатомные взаимодействия 
675 |a 548.31  |z rus  |v 3 
700 1 |a Асланов  |b Л. А.  |g Леонид Александрович 
801 0 |a RU  |b RuMRKP  |c 19950417  |g psbo 
801 1 |a RU  |b 63413507  |c 20140321 
801 2 |a RU  |b 63413507  |c 20200825  |g RCR 
942 |c BK